000 00378nam a2200145Ia 4500
005 20251222141901.0
008 251222s9999||||xx |||||||||||||| ||spa||
020 _a978-958-20-0392-0
082 _a372.65/R78/2011
100 _aRojas Bernal, Leyla María
245 0 _aCómo Aprenden los Niños una Lengua Extranjera
250 _a3a.ed.
264 _bMagisterio
942 _cLIB
999 _c8068
_d8068